Foundation design and construction
Bewaard in:
| Hoofdauteur: | |
|---|---|
| Formaat: | Boek |
| Taal: | Undetermined |
| Gepubliceerd in: |
London : Pitman Publishing
1986-
|
| Onderwerpen: | |
| Tags: |
Voeg label toe
Geen labels, Wees de eerste die dit record labelt!
|
MARC
| LEADER | 00000nam a2200000Ia 4500 | ||
|---|---|---|---|
| 003 | 003848 | ||
| 005 | 20240112104238.0 | ||
| 008 | 140114s9999 xx 000 0 und d | ||
| 040 | |c cru CEDI | ||
| 082 | |a 624.15 T659f5 | ||
| 100 | |a Tomlinson, Michael John |9 2159 | ||
| 245 | |a Foundation design and construction | ||
| 260 | |a London : Pitman Publishing |c 1986- | ||
| 650 | |x CIMENTACIONES |x ESTRUCTURAS DE ACERO |x DISEÑO Y CONSTRUCCION | ||
| 942 | |c LIBRO |h 624.15 T659f5 |i 003848 |6 624_150000000000000_T659F5_003848 | ||
| 999 | |c 13040 |d 13040 | ||
